Score 0/13 Timer 08:00
0 Plays Today
Deutsch Englisch % Correct
Folgen wir dem weißen Kaninchen!Down the Rabbit Hole
75%
Leidet auch ein Herz aus Stein?Heart of Stone
75%
Böses BlutBad Blood
75%
Vertrauen ist ein großes WortTrust Me
50%
VergissmeinnichtForget Me Not
50%
Wer bist du, Anastasia?The Serpent
50%
Im Inferno von Jafar und der Roten KöniginHome
50%
Nur keine AngstNothing to Fear
50%
Das Herz Aller DingeHeart of the Matter
50%
Und wenn sie nicht gestorben sind…And They Lived...
50%
Der Fluch der guten TatDirty Little Secrets
25%
Diebe und LiebeTo Catch a Thief
25%
Nicht jeder findet, was er suchtWho's Alice?
0%
Remove Ads.
Support Sporcle.
Get the best of Sporcle when you Go Orange. This ad-free experience offers more features, more stats, and more fun while also helping to support Sporcle. Thank you for becoming a member.

You're not logged in!

Compare scores with friends on all Sporcle quizzes.
OR
Log In

Show Comments

Extras

Top Quizzes Today


Score Distribution

Your Account Isn't Verified!

In order to create a playlist on Sporcle, you need to verify the email address you used during registration. Go to your Sporcle Settings to finish the process.

Report this User

Report this user for behavior that violates our Community Guidelines.

Details: